000
00249nam a2200097Ia 4500
005
20251222114416.0
008
251222s1900||||xx |||||||||||||| ||spa||
082
_a
DVD0093/C38
245
0
_a
Vencendo a desnutricao:Venciendo la desnutrición
942
_c
DVD
999
_c
2235
_d
2235